01381cam a2200325 i 4500999001500000001000900015003000600024005001700030008004100047010001300088020002200101040002300123050002300146082001700169100006400186245008100250250002700331264004600358300002900404336002600433337002800459338002700487500009100514504005600605650007800661650008800739650010000827942001200927952011600939 c9386d938637608247OCoLC20210112175314.0970903s1998 miu b 000 0 eng  a97038092 a0801058139 (pbk.) aDLCbengerdacDLC00aBV639.W7bL88 199800a270/.0822211 aLutz, Lorry.0http://id.loc.gov/authorities/names/n8101287410aWomen as risk-takers for God /cLorry Lutz ; foreword by Evelyn Christenson. aNew paperback edition. 1aGrand Rapids, Mich. :bBakerBooks,c1998. axvii, 266 pages ;c23 cm atextbtxt2rdacontent aunmediatedbn2rdamedia avolumebnc2rdacarrier aPreviously published: Carlisle, U.K. : WEF in association with Paternoster Pub., 1997. aIncludes bibliographical references (p. [265]-266). 0aWomen in Christianity.0http://id.loc.gov/authorities/subjects/sh85147562 0aChristian womenxReligious life.0http://id.loc.gov/authorities/subjects/sh97009248 0aSex rolexReligious aspectsxChristianity.0http://id.loc.gov/authorities/subjects/sh2008111603 2ddccBK 00102ddc40708NFICaHMCbHMCcGENd2021-01-19l0o270.082 L975Wp010697r2021-01-19 00:00:00w2021-01-19yBK